The handy biology answer book / (Record no. 1311)

MARC details
000 -LEADER
fixed length control field 01076cam a22003134a 4500
005 - DATE AND TIME OF LATEST TRANSACTION
control field 20260322212055.0
008 - FIXED-LENGTH DATA ELEMENTS--GENERAL INFORMATION
fixed length control field data
010 ## - LIBRARY OF CONGRESS CONTROL NUMBER
LC control number 2004017808
020 ## - INTERNATIONAL STANDARD BOOK NUMBER
International Standard Book Number 0780807782
020 ## - INTERNATIONAL STANDARD BOOK NUMBER
International Standard Book Number 1578591503 (pbk.)
020 ## - INTERNATIONAL STANDARD BOOK NUMBER
International Standard Book Number 9781578591503 (pbk.)
020 ## - INTERNATIONAL STANDARD BOOK NUMBER
International Standard Book Number 9780780807785
040 ## - CATALOGING SOURCE
Original cataloging agency DLC
Transcribing agency DLC
Modifying agency DLC
-- BAKER
-- VP@
-- DLC
042 ## - AUTHENTICATION CODE
Authentication code pcc
050 00 - LIBRARY OF CONGRESS CALL NUMBER
Classification number QH349
Item number .H36 2004
082 00 - DEWEY DECIMAL CLASSIFICATION NUMBER
Classification number 570
Edition information 22
092 ## - LOCALLY ASSIGNED DEWEY CALL NUMBER (OCLC)
Classification number 570 H36 2004
001 - CONTROL NUMBER
control field data
245 14 - TITLE STATEMENT
Title The handy biology answer book /
Statement of responsibility, etc. James E. Bobick.
250 ## - EDITION STATEMENT
Edition statement 1st ed.
260 ## - PUBLICATION, DISTRIBUTION, ETC.
Place of publication, distribution, etc. Detroit :
Name of publisher, distributor, etc. Visible Ink Press,
Date of publication, distribution, etc. c2004.
300 ## - PHYSICAL DESCRIPTION
Extent xxxiv, 565 p. :
Other physical details ill. ;
Dimensions 25 cm.
504 ## - BIBLIOGRAPHY, ETC. NOTE
Bibliography, etc. note Includes bibliographical references (p. 539-551) and index.
650 #0 - SUBJECT ADDED ENTRY--TOPICAL TERM
Topical term or geographic name entry element Biology
Form subdivision Miscellanea.
700 1# - ADDED ENTRY--PERSONAL NAME
Personal name Bobick, James E.
856 41 - ELECTRONIC LOCATION AND ACCESS
Materials specified Table of contents
Uniform Resource Identifier <a href="http://www.loc.gov/catdir/toc/ecip0421/2004017808.html">http://www.loc.gov/catdir/toc/ecip0421/2004017808.html</a>
856 42 - ELECTRONIC LOCATION AND ACCESS
Materials specified Contributor biographical information
Uniform Resource Identifier <a href="http://www.loc.gov/catdir/enhancements/fy0711/2004017808-b.html">http://www.loc.gov/catdir/enhancements/fy0711/2004017808-b.html</a>
856 42 - ELECTRONIC LOCATION AND ACCESS
Materials specified Publisher description
Uniform Resource Identifier <a href="http://www.loc.gov/catdir/enhancements/fy0711/2004017808-d.html">http://www.loc.gov/catdir/enhancements/fy0711/2004017808-d.html</a>
Holdings
Withdrawn status Lost status Damaged status Not for loan Home library Current library Shelving location Date acquired Total checkouts Full call number Barcode Date last seen Price effective from Koha item type
        Riverside Riverside General stacks 22/03/2026   570 22 BC0011354 22/03/2026 22/03/2026 Books